000 00659nam a22002177a 4500
008 231015b |||||||| |||| 00| 0 eng d
017 _aLD. 0696
018 _aSUP. 2023
020 _a9789789832712
040 _aNLN
_bEnglish
_eAACR2
050 _aHM571
_b.B199
082 _a301
100 _aBAMMEKE, M. B.
_eaut
_931476
245 _aElementary sociology /
_cM. B. Bammeke
260 _aOffa, Kwara State ( 6, Goodies Patio Road, Avalon Hotel Area ) :
_bCorrectman Commercial Press,
_c2020
300 _avii, 89. ;
_b20cm
500 _aBibliography : p. 81-83
563 _a(Pbk.)
650 _aSociology
_vStudy and teaching
_95694
942 _cBK
_n0
999 _c16173
_d16173